Exposición general de las cuatro provincias catalanas, que debe inaugurarse en esta capital el día 24 de Setiembre de 1871 / á tenor de lo acordado por la Junta Directiva de la Comisión Organizadora de Ferias, Exposiciones y Fiestas Populares : convocatoria convocatoria
Descripción Física:
12 p. ; 23 cm
MARC
| LEADER | 00000nam a2200000Ia 4500 | ||
|---|---|---|---|
| 001 | 22868 | ||
| 008 | 160829s1871 xx 000 0 cat d | ||
| 080 | |a RF-16-20 | ||
| 100 | |a Comisión Organizadora de Ferias, Exposiciones y Fiestas Populares. Junta Directiva |9 47999 | ||
| 245 | |a Exposición general de las cuatro provincias catalanas, que debe inaugurarse en esta capital el día 24 de Setiembre de 1871 / á tenor de lo acordado por la Junta Directiva de la Comisión Organizadora de Ferias, Exposiciones y Fiestas Populares : |b convocatoria | ||
| 260 | |a Barcelona : |b Establecimiento Tipográfico de Narciso Ramírez y Compañía, |c 1871 | ||
| 300 | |a 12 p. ; |c 23 cm | ||
| 590 | |a Prové de 1945, exp. 3886. | ||
| 590 | |a A la coberta: Programa para la exposición general de las cuatro provincias catalanas | ||
| 650 | |a Indústria |x Catalunya |x S. XIX |x Exposicions |9 48000 | ||
| 856 | 4 | |u https://media.diba.cat/diba/fitxers/arxiu/fulletons/bib_22868_1871_baixa.pdf |y Accés lliure | |
| 856 | 4 | |u https://media.diba.cat/diba/fitxers/arxiu/fulletons/bib_22868_1871_baixa.pdf |y Accés lliure | |
| 901 | |a Arxiu | ||
| 942 | |n 1 |2 udc | ||
| 952 | |0 0 |1 0 |4 0 |6 RF1620 |7 1 |9 54267 |a Arxiu |b Arxiu |d 2016-12-01 |l 0 |o RF-16-20 |p 22868 |r 2016-12-01 00:00:00 |w 2016-12-01 |y ARXIU | ||
| 999 | |c 58136 |d 58136 | ||
| 900 | |a bib_22868_1871_baixa.pdf | ||